00321nam a2200121 a 4500008004100000020001500041050001800056100001900074245002500093260004200118300003000160350000900190120416s0000 ||||||||||||||||| || u a0834800748 aBQ 8414.2 Ike aIkeda, Daisaku14aThe human revolution aNew YorkbJohn Weatherhill, Incc1972 a5 volumes : illustrations a0.00